000 00914nas a2200289 4500
001 BR2012002474
003 BR-BrBNA
005 20231205120410.0
007 ta
008 230509b bl.|||p| |||| 00| 00por d
040 _aBR-BrBNA
_bpor
_cBiblioteca Nacional de Agricultura
041 _a(Pt)
072 _aF60; K10
100 1 _aLima, I.L. de
100 1 _aLongui, E.L.
100 1 _aGarcia, R.
100 1 _aLuca, E.F. de
100 1 _aSilva Júnior, F.G. da
100 1 _aFlorsheim, S.M.B.
245 1 _aPropriedades da madeira de Eucalyptus umbra R.T. Baker em função do diâmetro e da posição radial na tora
650 _aEUCALIPTO
650 _aDENSIDADE DA MADEIRA
650 _aCOMPOSIÇÃO QUÍMICA
773 0 _tFloresta e Ambiente (Brazil)
_xISSN 1415-0980
_g(Jul-Sep 2011), v. 18(3) p. 289-298
_wBR2012002474
909 _a202311
_bLúcia
_c55
_dLúcia Elande
942 _2AGRIS
_n0
_cANA
999 _c218305
_d218305